| 000 | 00507pab a2200181 454500 | ||
|---|---|---|---|
| 008 | 180718b2004 xxu||||| |||| 00| 0 eng d | ||
| 100 | _aTiwari, V.K. | ||
| 245 | _aPremarital sexuality and unmet need of contraception among youth: evidence from two cities of India | ||
| 260 | _c2004 | ||
| 300 | _ap.62-72. | ||
| 362 | _aDec | ||
| 650 | _aYouth - India | ||
| 650 | _aContraception - India | ||
| 650 | _aContraception | ||
| 700 | _aAnil Kumar | ||
| 773 | _aJournal of Family Welfare | ||
| 909 | _a63993 | ||
| 999 |
_c63993 _d63993 |
||